000 02315cam a22005174i 4500
003 PE-LiUPU
005 20250731173317.0
008 150625s2005 txu rb 000 0 spa d
020 _a1931734100
035 _a(Sirsi) i9781931734103
040 _aPE-LiUPU
_bspa
_cPE-LiUPU
_erda
049 _aPRUA
082 0 4 _a253.522
_bH94
_221
100 1 _aHunt, June,
_eautor.
245 1 3 _aLa violencia y sus víctimas.
_n3 /
_cJune Hunt.
264 1 _aDalla, Texas :
_bEsperanza para el corazón,
_c2005.
300 _a275 páginas ;
_c21 centímetros.
336 _atext
_2rdacontent
337 _aunmediated
_2rdamedia
338 _avolume
_2rdacarrier
490 0 _aClaves bíblicas para la consejería
504 _aIncluye bibliografía al final de cada capítulo.
505 0 _aAbuso sexual infantil -- Abuso verbal y emocional -- Alcoholismo y drogadicción -- La codependencia -- La familia disfuncional -- El rechazo -- Su valor personal -- Las víctimas -- Violación -- Violencia doméstica.
526 _aSEG42
526 _aSEG41
526 _aSEG40
526 _aSEG39
526 _aP94
526 _aP87
526 _aP86
526 _aP85
526 _aP77
526 _aP76
526 _aP35
541 _g001-000224;
541 _g001-0000164;
650 0 4 _aVida cristiana
_xConsejos pastorales.
650 0 4 _aViolencia
_xConsejos pastorales.
942 _2ddc
_cBOOK
949 _a253.522 H94 3
_wDEWEY
_c1
_i57366
_d2016-8-14
_e2016-8-9
_lCCODEBUL1
_mBUL
_n3
_r0
_sY
_tBOOK
_u2015-6-25
_xTEOLOGIA
_zUNKNOWN
_0COMPRA
_o.STAFF. Colección General
949 _a253.522 H94 3
_wDEWEY
_c2
_i56705
_d2016-6-23
_e2016-6-22
_lCCODEBUL1
_mBUL
_n4
_p7.00
_r0
_sY
_tBOOK
_u2015-6-25
_xTEOLOGIA
_zUNKNOWN
_0COMPRA
_o.STAFF. Colección General
994 _aC0
_bPEPRU
596 _a1
999 _a253.522 H94 3
_wDEWEY
_c45858
_i57366
_d45858
_e2017-8-24
_f2021-11-12
_g5
_lCCODEBUL1
_mBUL
_n4
_p10.00
_q1
_r0
_sY
_tBOOK
_u2015-6-25
_xTEOLOGIA
_zUNKNOWN
_0COMPRA
_o.STAFF. Colección Teología
999 _a253.522 H94 3
_wDEWEY
_c2
_i56705
_d2019-6-26
_e2018-2-4
_f2021-11-12
_g5
_lCCODEBUL1
_mBUL
_n8
_p7.00
_q5
_r0
_sY
_tBOOK
_u2015-6-25
_xTEOLOGIA
_PP35
_0COMPRA
_o.STAFF. Colección Teología
980 _81
_gALBERTO SANCHEZ Responsable de Automatización